La Revolución francesa en México / (Record no. 89137)
[ view plain ]
| 000 -LEADER | |
|---|---|
| fixed length control field | 01185nam a22002417a 4500 |
| 005 - DATE AND TIME OF LATEST TRANSACTION | |
| control field | 20150617122648.0 |
| 008 - FIXED-LENGTH DATA ELEMENTS--GENERAL INFORMATION | |
| fixed length control field | 150227b mx ||||| |||| 00| 0 spa d |
| 020 ## - INTERNATIONAL STANDARD BOOK NUMBER | |
| International Standard Book Number | 9681205006 |
| 050 04 - LIBRARY OF CONGRESS CALL NUMBER | |
| Classification number | F1233 |
| Item number | R48 r1993 |
| 245 03 - TITLE STATEMENT | |
| Title | La Revolución francesa en México / |
| Statement of responsibility, etc | coordinadores Solange Alberro, Alicia Hernández Chávez y Elías Trabulse. |
| 260 ## - PUBLICATION, DISTRIBUTION, ETC. (IMPRINT) | |
| Place of publication, distribution, etc | México : |
| Name of publisher, distributor, etc | El Colegio de México : Centro de Estudios Mexicanos y Centro Americanos, |
| Date of publication, distribution, etc | r1993. |
| 300 ## - PHYSICAL DESCRIPTION | |
| Extent | 287 p. ; |
| Dimensions | 21 cm. |
| 490 ## - SERIES STATEMENT | |
| Series statement | Centro de Estudios Históricos |
| 500 ## - GENERAL NOTE | |
| General note | Nota : Resultado del Coloquio La Revolución francesa y su influencia en México promovido por el Centro de Estudios Históricos de El Colegio de México y el Centro de Estudios Mexicanos y Centroamericanos. |
| 504 ## - BIBLIOGRAPHY, ETC. NOTE | |
| Bibliography, etc | Incluye índice |
| 651 #7 - SUBJECT ADDED ENTRY--GEOGRAPHIC NAME | |
| Source of heading or term | LEMB |
| Geographic name | México |
| General subdivision | Historia |
| -- | Política y gobierno |
| Chronological subdivision | 1810- |
| Form subdivision | Congresos |
| 651 #7 - SUBJECT ADDED ENTRY--GEOGRAPHIC NAME | |
| Source of heading or term | LEMB |
| Geographic name | Francia |
| General subdivision | Historia |
| Chronological subdivision | Revolución , 1789-1799 |
| General subdivision | Influencia |
| Form subdivision | Congresos |
| 651 #7 - SUBJECT ADDED ENTRY--GEOGRAPHIC NAME | |
| Source of heading or term | LEMB |
| Geographic name | México |
| General subdivision | Civilización |
| -- | Influencias francesas |
| Form subdivision | Congresos |
| 700 1# - ADDED ENTRY--PERSONAL NAME | |
| Personal name | Alberro,Solange, |
| Relator term | coord. |
| 700 1# - ADDED ENTRY--PERSONAL NAME | |
| Personal name | Hernández Chávez, Alicia, |
| Relator term | coord. |
| 700 1# - ADDED ENTRY--PERSONAL NAME | |
| Personal name | Trabulse, Elías, |
| Relator term | coord. |
| 942 ## - ADDED ENTRY ELEMENTS (KOHA) | |
| Source of classification or shelving scheme | Biblioteca del Cogreso de los Estados Unidos |
| Koha item type | Libro |
| Estado de pérdida | Fuente de clasificación | Estado del daño | No para préstamo | Ubicación permanente | Ubicación actual | Apartado o colección | Fecha de adquisición | Edición | Dependencia de educación superior (DES) | Área del conocimiento | Clasificación | Código de Barras | Date last seen | Número de copia | Tipo de recurso | Nota pública |
|---|---|---|---|---|---|---|---|---|---|---|---|---|---|---|---|---|
| Biblioteca del Cogreso de los Estados Unidos | Biblioteca del Instituto de Investigaciones Históricas | Biblioteca del Instituto de Investigaciones Históricas | General | 27/02/2015 | 1a. reimp. | Humanidades | Educación y Humanidades | F1233 R48 r1993 | IIH000012726 | 27/02/2015 | C:1 | Libro | GENERAL | |||
| Biblioteca del Cogreso de los Estados Unidos | Biblioteca del Instituto de Investigaciones Históricas | Biblioteca del Instituto de Investigaciones Históricas | General | 23/08/2017 | 1a ed. | Humanidades | Ciencias Sociales y Administrativas | F1233 R46 1993 | IIH000019602 | 23/08/2017 | C:1 | Libro |